000 00737nam a2200241Ia 4500
003 OSt
005 20220927105821.0
006 a|||||r|||| 00| 0
007 ta
008 220926b |||||||| |||| 00| 0 eng d
020 _a9780802076571
_c1548
024 _a206771
037 _b"50131, 15/03/2017, Segment book Distributors"
_cReference Collections
040 _aRTL
_cRTL
_beng
041 _2eng
_aeng
082 _a"Y:3(N), N6"
100 _aBERLAND Jody
_9375207
245 0 _aTheory rules
260 _a"London,"
_b"University of Toranto, "
_c1996
300 _a320p.
_ccm.
942 _h"Y:3(N), N6"
_cCC
999 _c694795
_d694795